| 000 | 00865cam3a220028900 4500 | ||
|---|---|---|---|
| 001 | qce01278770 | ||
| 005 | 20190826200630.0 | ||
| 008 | 781025s1977 fr a 001 0 eng | ||
| 010 | _a 78374356 //r83 | ||
| 020 | _c60.00F | ||
| 035 | _a(Sirsi) r63498 | ||
| 035 | _a(QCAT)lss01567369 | ||
| 035 | _a(UPRA)qce01278770 | ||
| 040 | _dUPRA | ||
| 043 | _af-cg--- | ||
| 050 | 0 |
_aDT643 _b.D5213 |
|
| 082 | _a967.5/103 | ||
| 100 | 1 |
_aDiallo, Siradiou. _6A23280.1 |
|
| 245 | 1 | 0 |
_aZaire today / _cSiradiou Diallo. |
| 260 |
_aParis : _bEditions J.A., _c1977. |
||
| 490 | 0 |
_aLe Voyage en couleurs _6S4552.1 |
|
| 500 | _aTranslation of: Le Zaire aujourd'hui; translated by Barbara Shuey. | ||
| 500 | _aIncludes index. | ||
| 651 | 0 |
_aZaire -- Guidebooks. _xZaire -- Guidebooks. _6S16507.1 |
|
| 949 |
_aDT643 _wlcc _i-84407 _mMAIN _tBOOK _lON-SHELF |
||
| 004 | 63498 | ||
| 999 |
_c170845 _d170845 |
||